Antología de cuentos policiacos / (Record no. 24419)

MARC details
000 -LEADER
campo de control de longitud fija 00686nam a2200205 i 4500
001 - NÚMERO DE CONTROL
campo de control 24419
003 - IDENTIFICADOR DE NÚMERO DE CONTROL
campo de control ES-MaACL
005 - FECHA Y HORA DE LA ÚLTIMA TRANSACCIÓN
campo de control 20240516155818.0
007 - CAMPO FIJO DE DESCRIPCIÓN FÍSICA--INFORMACIÓN GENERAL
campo de control de longitud fija t|
008 - DATOS DE LONGITUD FIJA--INFORMACIÓN GENERAL
campo de control de longitud fija 021217s1960 sp ||||1| spa d
245 00 - MENCIÓN DEL TÍTULO
Título Antología de cuentos policiacos /
Mención de responsabilidad, etc. selección, prólogo y notas de Javier Lasso de la Vega.
260 ## - PUBLICACIÓN, DISTRIBUCIÓN, ETC.
Lugar de publicación, distribución, etc. Barcelona, etc :
Nombre del editor, distribuidor, etc. Labor,
Fecha de publicación, distribución, etc. 1960.
300 ## - DESCRIPCIÓN FÍSICA
Extensión LXXI, 1068 p. ;
Dimensiones 23 cm.
490 1# - MENCIÓN DE SERIE
Mención de serie Grandes Antologías "Labor"
650 #4 - PUNTO DE ACCESO ADICIONAL DE MATERIA--TÉRMINO DE MATERIA
Término de materia o nombre geográfico como elemento de entrada Cuentos policiacos.
9 (RLIN) 165438
700 1# - ENTRADA AGREGADA--NOMBRE PERSONAL
Nombre de persona Lasso de la Vega Jiménez-Placer, Javier,
Fechas asociadas al nombre 1892-1990
9 (RLIN) 70478
830 0# - PUNTO DE ACCESO ADICIONAL DE SERIE-TÍTULO UNIFORME
Título uniforme Grandes Antologías "Labor"
9 (RLIN) 180912
852 ## - LOCALIZACIÓN
Ubicación ES-MaACL
Número de control de estantería C-17193
Sublocalización o colección R.45596
Holdings
Estatus retirado Estado de pérdida Estado de daño No para préstamo Biblioteca de origen Biblioteca actual Ubicación en estantería Fecha de adquisición Fuente de adquisición Total de préstamos Signatura topográfica completa Código de barras Visto por última vez Precio de reemplazo Tipo de ítem Koha
        Biblioteca del Ateneo de Madrid Biblioteca del Ateneo de Madrid Galería 17/01/2008     C-17193 1025179 23/02/2023 23/02/2023 Libro impreso